| 000 | 00517nam a22002057a 4500 | ||
|---|---|---|---|
| 003 | OSt | ||
| 005 | 20210414085152.0 | ||
| 008 | 210311s1997 ||||| |||| 00| 0 eng d | ||
| 020 | _a2876923483 | ||
| 040 |
_aeng _beng _cDLC |
||
| 041 | _afre | ||
| 080 |
_a77 _bC-22 |
||
| 100 |
_91393 _aCarles, Fabrice |
||
| 245 |
_aMetz Ville Jardin _c/ by: Serpenoise |
||
| 260 |
_aFrance _bSerpenoise _c1997 |
||
| 300 |
_a122 p. _bill. |
||
| 650 | 0 |
_9847 _aPhotography |
|
| 653 | _aფოტოგრაფია | ||
| 942 |
_2udc _cBK |
||
| 999 |
_c2168 _d2168 |
||